Top 10 White Players In The NBA 2012 - Statistics

General Stats
  • This quiz has been taken 648 times
    618 since last reset
  • The average score is 4 of 12
Answer Stats
Hint Answer % Correct
Dirk Nowitzki
69%
Steve Nash
67%
Jason Kidd
52%
Pau Gasol
44%
Kevin Love
43%
Marc Gasol
43%
Blake Griffin
36%
Manu Ginobili
28%
Joakim Noah
16%
Goran Dragic
10%
Hedo Turkoglu
10%
Marcin Gortat
8%
No matching quizzes found
Score Distribution
Percent of People with Each Score
Percentile by Number Answered
Your Score History
You have not taken this quiz since the last reset